000 00690nam a22002052 4500
001 0000001003
005 20151217155806.0
008 070223s xx 000 0 eng d
040 _aKABU
_cKABU
050 0 _aDT351
_b.M69
100 1 _aMoyse-Bartlett, H.
_@0000149485
245 1 4 _aThe King's African Rifles :
_ba study of the military history of East and Central Africa 1890-1945.
260 _aAldeshot :
_bGale & Polden,
_c1956.
300 _axix, 727 p.
651 0 _aGreat Britain
_xArmy
_xKing's African Rifles.
_@0000149486
651 0 _aAfrica, East
_xHistory
_xMilitary.
_@0000149487
908 _a070223
950 _@1
999 _c12479
_d12479